000 00607nam a2200193Ia 4500
005 20250923145300.0
008 008 250917s9999 xx 000 0 eng d
037 _aPeriodicals
040 _aDSWL
_beng
_cDSWL
041 _aeng
_2eng
084 _aY31:7:7m2,N67 N73
_qDSWL
245 0 _aBehavioural Science and community development
_cby National Institute of Community development
260 _aHyderabad
_bNational Institute of Community development
_c1973
365 _aINR
_b10
490 _vVol.7
925 _g10
942 _cCR
_hY31:7:7m2,N67 N73
999 _c1449430
_d1449430